| 000 | 00774nam a2200241 i 4500 | ||
|---|---|---|---|
| 001 | 172644 | ||
| 003 | ES-MaACL | ||
| 005 | 20250701025843.0 | ||
| 007 | t| | ||
| 008 | 090805s1970 ag ||||1| spa d | ||
| 080 | _a821.134.2-14"19" | ||
| 100 | 1 |
_aHernández, Miguel, _d1910-1942 _962844 |
|
| 245 | 1 | 0 |
_aAntología / _cMiguel Hernández ; selección y prólogo de María de Gracia Ifach. |
| 250 | _a4ª ed. | ||
| 260 |
_aBuenos Aires : _bLosada, _c1970. |
||
| 300 |
_a207 p. ; _c18 cm. |
||
| 490 | 1 |
_aBiblioteca clásica y contemporánea ; _v292 |
|
| 500 | _aÍndice. | ||
| 700 | 1 |
_aIfach, María de Gracia. _965053 |
|
| 830 | 0 | 0 |
_aBiblioteca clásica y contemporánea _v292 _9181053 |
| 852 | 4 |
_aES-MaACL _jE-12945 _9R.138216 |
|
| 999 |
_c172644 _d172644 |
||